| Tag |
First Indicator |
Second Indicator |
Subfields |
| LEADER |
00000cgm a2200000za 4500 |
| 001 |
in00003590337 |
| 006 |
m o c |
| 007 |
vz uzazuu |
| 007 |
cr una---unuuu |
| 008 |
150908p20152006cau044 o vlund d |
| 005 |
20260324182023.7 |
| 028 |
5 |
2 |
|a 1152113
|b Kanopy
|
| 035 |
|
|
|a (CaSfKAN)kan1152113
|
| 040 |
|
|
|a VDU
|b eng
|c VDU
|d UtOrBLW
|
| 245 |
0 |
0 |
|a Kiki Smith: Squatting the Palace.
|
| 264 |
|
1 |
|a [San Francisco, California, USA] :
|b Kanopy Streaming,
|c 2015.
|
| 300 |
|
|
|a 1 online resource (streaming video file)
|
| 306 |
|
|
|a Duration: 45 minutes
|
| 336 |
|
|
|a two-dimensional moving image
|b tdi
|2 rdacontent
|
| 337 |
|
|
|a computer
|b c
|2 rdamedia
|
| 338 |
|
|
|a online resource
|b cr
|2 rdacarrier
|
| 500 |
|
|
|a Title from title frames.
|
| 518 |
|
|
|a Originally produced by Checkerboard Film Foundation in 2006.
|
| 520 |
|
|
|a This film takes a circular approach to an artist who works in overlapping spirals of creative energy. Smith works in her home - not in a space specifically designed as a studio but on the 2nd floor of her East Village townhouse. There, amidst her books, a pet bird, and tiny kitchenette, Smith goes from drawing to collaging to modeling clay to painting plaster casts and back, again and again, moving from one discipline to another in a way that may seem aimless to a casual observer, but is actually the modus operandi of a highly sophisticated visual artist. Over the course of the film, it becomes apparent that many of the pieces Smith is creating - including sculptures, photographs, prints and furniture fashioned from liquor boxes - are intended for an eight-room installation at the Fondazione Querini Stamplia in Venice to open contemporaneously with the 2005 Venice Biennale. We watch Smith collaborate with the artisans fabricating her sculptures and observe her daily interactions with her assistants. We then follow Smith to Venice and witness the complex installation of her exhibition, which proves to be an integral part of the conceptual whole. The film culminates in a detailed look at the completed exhibition, Homespun Tales: Stories of Domestic Occupation, widely regarded as one of the most successful exhibitions that summer in Venice.
|
| 538 |
|
|
|a Mode of access: World Wide Web.
|
| 546 |
|
|
|a In English
|
| 500 |
|
|
|a Electronic resource.
|
| 653 |
|
|
|a Visual Art
|
| 655 |
|
7 |
|a Nonfiction films.
|2 lcgft
|0 http://id.loc.gov/authorities/genreForms/gf2011026423
|
| 655 |
|
7 |
|a Internet videos.
|2 lcgft
|0 http://id.loc.gov/authorities/genreForms/gf2011026337
|
| 700 |
1 |
|
|a Bittencourt, Vivien,
|e filmmaker.
|0 http://id.loc.gov/authorities/names/no2006114709
|
| 700 |
1 |
|
|a Katz, Vincent,
|e filmmaker.
|
| 710 |
2 |
|
|a Kanopy (Firm)
|0 http://id.loc.gov/authorities/names/no2014091415
|
| 856 |
4 |
0 |
|u http://proxy.library.tamu.edu/login?url=https://texasam.kanopystreaming.com/node/152114
|z Connect to this streaming video
|t 0
|
| 999 |
f |
f |
|s 8aff87fe-dc1d-3254-b925-5cd39fe2d9c0
|i c4bf1a33-c124-30c8-9400-edadd3a7fba5
|t 0
|
| 952 |
f |
f |
|a Texas A&M University
|b College Station
|c Electronic Resources
|s www_evans
|d Available Online
|t 0
|h No information provided
|
| 998 |
f |
f |
|t 0
|l Available Online
|